000 01227cam a2200349 a 4500
999 _c4098
_d4098
001 ocn758391773
003 OCoLC
005 20171110132734.0
008 120426s2013 maua b 001 0 eng
010 _a 2012015761
020 _a9781449616304
_q(pbk.)
020 _a1449616305
_q(pbk.)
020 _a9781449688608
020 _a1449688608
029 1 _aAU@
_b000049122996
035 _a(OCoLC)758391773
040 _aDLC
_beng
_cDLC
_dYDX
_dBTCTA
_dYDXCP
_dCDX
_dBWX
_dOCLCQ
_dOCLCO
_dOCLCQ
042 _apcc
049 _aTZAA
050 0 0 _aHV7415
_b.W32
082 0 0 _a364.01/5195
_223
100 1 _aWalker, Jeffery T.
245 1 0 _aStatistics in criminology and criminal justice : analysis and interpretation
_banalysis and interpretation /
_cJeffery T. Walker, Sean Maddan.
250 _a4th ed.
260 _aBurlington, Mass. :
_bJones & Bartlett Learning,
_c2013.
300 _axv, 590 pages :
_billustrations ;
_c24 cm
_eIncludes online access code, navigate companion website
504 _aIncludes bibliographical references and index.
650 0 _aCriminal justice, Administration of
_xStatistical methods.
650 0 _aCriminal statistics
_xResearch.
700 1 _aMaddan, Sean.
942 _2lcc
_cBOOK